My Footloose Diary/ (Record no. 179013)

MARC details
000 -LEADER
fixed length control field 00576nam a22001817a 4500
005 - DATE AND TIME OF LATEST TRANSACTION
control field 20210511161728.0
010 ## - LCCN (DPL NO)
LC control number ENG-129500
020 ## - INTERNATIONAL STANDARD BOOK NUMBER
Terms of availability 270.00
035 ## - SYSTEM CONTROL NUMBER
System control number EN-113032
037 ## - SOURCE OF ACQUISITION
Source of stock number/acquisition DBAD/PUB
082 ## - DEWEY DECIMAL CLASSIFICATION NUMBER
Classification number 881
100 ## - MAIN ENTRY--PERSONAL NAME
Personal name Sharma, Jayant
245 ## - TITLE STATEMENT
Title My Footloose Diary/
Statement of responsibility, etc Jayant Sharma
260 ## - PUBLICATION, DISTRIBUTION, ETC. (IMPRINT)
Name of publisher, distributor, etc The Poetry Society of India
Place of publication, distribution, etc Haryana
Date of publication, distribution, etc 2020
270 ## - ADDRESS
Address H-23/16, DLF Phase-I, Gurugram
City Haryana
Postal code 122002
Electronic mail address thepoetrysoindia@gmail.com; mgwebguru@gmail.com
Telephone number 0124-4054392, 098118-42292
300 ## - PHYSICAL DESCRIPTION
Extent 84p.
Dimensions 22cm(hbk)
942 ## - ADDED ENTRY ELEMENTS (KOHA)
Source of classification or shelving scheme Dewey Decimal Classification
Item type English Books
Classification part 881
Call number suffix SHA
Holdings
Withdrawn status Lost status Not for loan Collection code Home library Current library Date acquired Source of acquisition Cost, normal purchase price Full call number Barcode Copy number Cost, replacement price Koha item type
      Non-fiction Shahdara Branch Shahdara Branch 11/05/2021 DBAD/PUB 270.00 881 SHA EN-113032 1 270.00 English Books

© Delhi Public Library
Hit Counter
free hit counter